|
|
|
|
| LEADER |
00000cam a2200000 4500 |
| 001 |
vtls012082956 |
| 003 |
SK-MaSNL |
| 005 |
20260301055042.0 |
| 008 |
220111s2021 xo o grf 000 0 slo |
| 015 |
|
|
|a SNBA2022/05
|
| 020 |
|
|
|a 9788099924063
|q (brožované)
|
| 040 |
|
|
|a SNK
|b slo
|c SNK
|e rda
|
| 041 |
1 |
|
|a slo
|h eng
|
| 044 |
|
|
|a xo
|c SK
|
| 072 |
|
7 |
|a 502
|x Životné prostredie a jeho ochrana
|2 konspekt
|
| 080 |
|
|
|a 502.17
|2 2011
|
| 080 |
|
|
|a 504.7
|2 2011
|
| 080 |
|
|
|a 628.4.043:678.5
|2 2011
|
| 080 |
|
|
|a 551.583
|2 2011
|
| 080 |
|
|
|a (0.062)
|2 2011
|
| 100 |
1 |
|
|a Bell, Alice
|4 aut
|9 211120
|
| 240 |
1 |
0 |
|a Can we save the planet?
|l Slovensky
|
| 245 |
1 |
0 |
|a Dokážeme zachrániť planétu Zem?
|b príručka pre 21. storočie
|c napísala Alice Bell ; preložila Anna Ďurišíková
|
| 250 |
|
|
|a Prvé vydanie
|
| 264 |
|
1 |
|a Bratislava
|b Občianske združenie Egreš
|c 2021
|
| 300 |
|
|
|a 141 strán
|b farebné fotografie
|c 23 cm
|
| 336 |
|
|
|a text
|b txt
|2 rdacontent
|
| 337 |
|
|
|a bez média
|b n
|2 rdamedia
|
| 338 |
|
|
|a zväzok
|b nc
|2 rdacarrier
|
| 490 |
1 |
|
|a The Big Idea
|
| 500 |
|
|
|a Preložené z angličtiny
|
| 500 |
|
|
|a Publikácia je súčasťou iniciatívy Živávlna
|
| 500 |
|
|
|a Obsahuje profesijné údaje o autorke
|
| 650 |
0 |
7 |
|a ochrana životného prostredia
|2 SNKPH
|9 3352
|
| 650 |
0 |
7 |
|a globálne otepľovanie
|2 SNKPH
|9 4058
|
| 650 |
0 |
7 |
|a plastový odpad
|2 SNKPH
|9 29492
|
| 650 |
0 |
7 |
|a klimatické zmeny
|2 SNKPH
|9 3351
|
| 650 |
0 |
7 |
|a Environmental protection
|2 SNKPHeng
|9 265610
|
| 650 |
0 |
7 |
|a Plastic waste
|2 SNKPHeng
|9 346136
|
| 650 |
0 |
7 |
|a Climatic changes
|2 SNKPHeng
|9 132060
|
| 655 |
|
7 |
|a populárno-náučné publikácie
|2 SNKPH
|9 70460
|
| 655 |
|
7 |
|a Popular works
|2 SNKPHeng
|9 90287
|
| 700 |
1 |
|
|a Ďurišíková, Anna,
|d 1990-
|4 trl
|9 213033
|
| 830 |
|
0 |
|a The Big Idea
|9 368056
|
| 919 |
|
|
|a 978-80-99924-06-3
|
| 954 |
|
|
|a odborná, vedecká literatúra cudzojazyčná (svetová)
|
| 958 |
|
|
|a UP
|
| 968 |
|
|
|b ENG
|
| 999 |
|
|
|c 612439
|d 614369
|
| 952 |
|
|
|a SNK
|b SNK
|y PREZ
|7 0
|p 17A1481706
|o snkSC 196906
|i snk2022/5595
|8 0
|0 0
|1 0
|4 0
|d 2022-04-14
|f 1
|l 0
|r 2025-10-16 00:00:00
|w 2026-02-23
|
| 952 |
|
|
|a SNK
|b SNK
|y VYP
|7 0
|p 17A1481707
|o snkSC 196906 D1
|i snk2022/5596
|8 0
|0 0
|1 0
|4 0
|d 2022-04-14
|l 0
|r 2026-02-23 16:27:52
|w 2026-02-23
|